000 00403nam a22001577a 4500
020 _a9788182661387
082 _aM3
_bPRA/A
100 _aPraveen Chandran
245 _aApoornathayude oru pusthakam/
_cby Praveen Chandran
260 _aKozhikode:
_bMathrubhoomi Books,
_c2014.
300 _a128p.
650 _aNovel Malayalam
650 _aLiterature Malayalam
650 _aLiterature
942 _cBK
999 _c64941
_d64941